Online Catalogue and eLibrary

Wedenawe Diyaniyo (Record no. 5832)

MARC details
000 -LEADER
fixed length control field 00407nam a2200157Ia 4500
005 - DATE AND TIME OF LATEST TRANSACTION
control field 20250616002226.0
008 - FIXED-LENGTH DATA ELEMENTS--GENERAL INFORMATION
fixed length control field 240331s9999 xx 000 0 und d
020 ## - INTERNATIONAL STANDARD BOOK NUMBER
ISBN 9789555044240
082 ## - DDC Classification
Item Number - Author Mark RAN
Class No. 306
100 ## - MAIN ENTRY--PERSONAL NAME
Personal name Ranasinghe, N
245 #0 - TITLE STATEMENT
Title Wedenawe Diyaniyo
260 ## - PUBLICATION, DISTRIBUTION, ETC.
Name of publisher, distributor, etc. Published by the author
Date of publication, distribution, etc. 2013
300 ## - PHYSICAL DESCRIPTION
Extent (e.g. Volumes, Pages etc.) Xi, 64 p .,
500 ## - GENERAL NOTE
General note A slogan Condemning violence against Women
942 ## - Koha item type (Biblio)
Koha item type Books in Stacks (Lending)
Holdings
Lost status Damaged status Collection code Home library Current library Shelving location Date acquired Full call number Accession Number Item type
    Lending WERC Library WERC Library Social Science Cupboard 03/31/2024 306.8 RAN 6791 Books in Stacks (Lending)

© WERC Library